000 00402nam a22001697a 4500
003 OSt
005 20240322145305.0
008 190923b xxu||||| |||| 00| 0 eng d
020 _a978-8126511136
040 _cIIMT UNIVERSITY
100 _aGARY D. CHRISTIAN
245 _aANALYTICAL CHEMISTRY
250 _a6TH
260 _aNEW DELHI
_bWILEY INDIA
_c2017
300 _a828
942 _2ddc
_c01
_e6TH
999 _c49073
_d49073